000 00293nam a22001337a 4500
008 171201b xxu||||| |||| 00| 0 eng d
020 _a557484001
041 _aeng
080 _a32
100 _a18
101 _aSHP
245 _aWORLD POPULATION AND DEVELOPMENT
_cHAUSER
942 _2udc
_cBK
999 _c38707
_d38707